1775 1834 1135 1635 1460 1362 1658 1026 1820 1951 1946 1897 1255 1124 1954 1248 1271 1034 1596 1751 1838 1814 1118 1272 1625 1102 1882 1265 1373 1754 1443 1054 1083 1121 1758 1735 1987 1091 1388 1044 1587 1583 1146 1606 1237 1845 1361 1395 1989 1124 1390 1341 1407 1482 1797 1808 1673 1852 1238 1338 1818 1156 1082 1625 1069 1817 1607 1836 1590 1808 1844 1770 1006 1336 1079 1721 1857 1077 1429 1009 1450 1958 1984 1069 1111 1960 1494 1472 1350 1744 1482 1328 1341 1278 1106 1268 1114 1613 1018 BCNSPRNW ULIB Ver.6.0+V

เปลี่ยนเป็นภาษาไทย

Change to English
 แสดงรายละเอียดบรรณานุกรม
  กลับหน้าหลัก

Brief Record : Get Marc (ISO 2709) : E-mail record : QR code < ปิดหน้าต่าง
LEADER : 00000nam 2200000uu 4500
001    13399120902
003     ULIB
008    121024s2553||||th 000 0 tha d
020    ^a9789742259396
050 04 ^aHD66^bพ954ท
100 1  ^aเลนโชนี, แพททริก
245 10 ^aทำทีมให้เวิร์ค :^bกำจัด 5 อุปสรรคของทีมเวิร์ค = The Five Dysfunctions of a Team (Manga Edition) : The Illustrated Leadership Fable /^cแพททริก เลนโชนี ; วาจาสิทธิ์ ลอเสรีวานิช, แปล ; เคนซิเกะ โอคาบายาชิ, ภาพ.
246 31 ^aThe Five Dysfunctions of a Team (Manga Edition) : The Illustrated Leadership Fable.
260    ^aนนทบุรี :^bสยามเอ็นเนียแกรมคอนซัลติ้ง,^c2553.
300    ^a173 หน้า :^bภาพประกอบ.
500    ^aหนังสือภาพ.
650  7 ^aการทำงานเป็นทีม.
650  7 ^aกลุ่มทำงาน.
650  7 ^aกลุ่มสร้างคุณภาพงาน.
700 1  ^aโอคาบายาชิ, เคนซึเกะ,^eภาพประกอบ.
700 0  ^aวาจาสิทธิ์ ลอเสรีวานิช,^eแปล.
945    ^p149^l0^i18162
945    ^p149^l0^i18163
999    ^aทศพร เกษรทอง
รายการนี้ยังไม่มีแท็ก
คุณยังไม่ได้ล็อกอิน คุณสามารถมีกิจกรรมร่วมกับเว็บไซต์ได้ แต่ต้องล็อกอินก่อน ::
  ล็อกอิน

รายการสื่อสารสนเทศ

ลำดับที่ ประเภท เลขเรียก/บาร์โค้ด สถานที่ สถานะ
1. วิทยาศาสตร์การแพทย์ และสุขภาพ
วิทยาศาสตร์การแพทย์ และสุขภาพ
HD66 พ954ท ฉ.1 
  Barcode: 18162
ห้องสมุดวิทยาเขตสวรรค์ประชารักษ์
►หนังสือทั่วไป
บนชั้น
2. วิทยาศาสตร์การแพทย์ และสุขภาพ
วิทยาศาสตร์การแพทย์ และสุขภาพ
HD66 พ954ท ฉ.2 
  Barcode: 18163
ห้องสมุดวิทยาเขตสวรรค์ประชารักษ์
►หนังสือทั่วไป
บนชั้น

รายการใกล้เคียง
    หัวเรื่อง [การทำงานเป็นทีม.]

BibComment


ยังไม่เคยถูกคอมเมนท์

คอมเมนท์ทรัพยากรรายการนี้
  คอมเมนท์: ทำทีมให้เวิร์ค ..


 Copyright 2026. Bcnsprnw @Library